Business process improvement : the breakthrough strategy for total quality, productivity, and competitiveness
Αποθηκεύτηκε σε:
| Κύριος συγγραφέας: | |
|---|---|
| Μορφή: | Βιβλίο |
| Γλώσσα: | English |
| Δημοσίευση: |
New York :
McGraw-Hill,
1991
|
| Θέματα: | |
| Ετικέτες: |
Προσθήκη ετικέτας
Δεν υπάρχουν, Καταχωρήστε ετικέτα πρώτοι!
|
MARC
| LEADER | 00000nam a2200000 i 4500 | ||
|---|---|---|---|
| 001 | 1/37537 | ||
| 008 | 950915s1991 eng d | ||
| 020 | |a 0070267685 | ||
| 035 | |l 10024693 | ||
| 040 | |a GR-MY-UA |b gre |e aacr | ||
| 041 | 0 | |a eng | |
| 082 | 0 | |a 658.562 | |
| 100 | 1 | |a Harrington, H. J. (H. James) | |
| 245 | 1 | 0 | |a Business process improvement : |b the breakthrough strategy for total quality, productivity, and competitiveness / |c H.J. Harrington |
| 260 | |a New York : |b McGraw-Hill, |c 1991 | ||
| 650 | 0 | 0 | |a Quality control. |
| 650 | 0 | 0 | |a Production management |x Quality control. |
| 852 | |a INST |b CHIOS |e 19950915 |h 658.562 HAR |p 005200001584 |q 005200001584 |t BK |y 0 | ||
| 909 | |a Χ |b 040900 | ||